Recueil des Expression Polésiennes - Statistiques

Statistiques générales
  • Ce quiz a été pris 14 fois
    9 depuis la dernière actualisation
  • Le résultat moyen est 22 sur 37
Statistiques - réponses
Hint Réponse % Correct
Mettre le pied à l'_____ étrier
100%
Avoir du ____ à moudre grain
100%
Mettre les points sur les z'_ i
100%
Qui peut le plus peut le _____ moins
100%
Marcher sur des _____ œufs
100%
Et patati et _____ patata
100%
Remettre les ________ à l'heure pendules
100%
Faut pas pousser mémé dans les _______ rosiers / orties
100%
Soyez _______ / Allez droit au ___ incisif / but
86%
Allô la Terre, ici la ____ Lune
86%
Je ne lis pas dans le ____ de café marc
86%
Ca mange pas du ____ pain
86%
De tout façon, c'est le ______ qui se mord la queue serpent
86%
Faut prendre le _____ en marche train
86%
Ne pas ménager la ______ et le choux chèvre
71%
Prenez ___ minutes deux
71%
Le coup d'____ dans l'eau épée
71%
On voit que la __________ prend mayonnaise
71%
Pas la peine de charger la ____ mule
71%
"Non" dans une autre langue Nein
71%
Noël au balcon, ______ au tison Pâques
71%
_______ je ne boirai pas de ton eau Fontaine
57%
Je suis pas ________ à merci corvéable
43%
Mettre à l'eau et au ____ ___ pain sec
29%
Se fendre la _____ pêche
29%
Vous rajoutez ça dans votre ___ à idées sac
29%
Toujours la même ____ soupe
29%
Vous pouvez répéter la question ? _______ __ _____ Stéphanie de Monaco
29%
_____-vous ! Taisez
29%
Semer les ______ billes
14%
Je vais bosser avec ___ __ _____ ceux qui bossent
14%
Corrigez la _______ coquille
14%
"On _______" (démarrer) embraye
14%
Il faut en mettre un peu plus dans la _____ louche
14%
Sortez la ___ voix
14%
Avoir tendance à taper la ______ belotte
0%
C'est le ventre de la _____ toupie
0%
Aucun quiz correspondant
Distribution des résultats
% des personnes avec chaque résultat
Percentile par nombre de réponses
Votre historique - résultats
Vous n’avez pas pris ce quiz depuis la dernière actualisation